000 01159cam a2200361 a 4500
001 1555612
003 ARRUPE
005 20161005114306.0
008 950209s1994 sx ab b f000 0 eng
010 _a 94983427
020 _a9991644091
035 _a(OCoLC)32052235
035 _a(OCoLC)ocm32052235
035 _a(NNC)1555612
040 _aDLC
_cDLC
_dWU
_dCStRLIN
042 _alcode
043 _af-sx---
_af-ao---
_af-sa---
050 1 4 _aDT1436.H49 1996
082 1 4 _a968.8103
_220
100 1 _aHeywood, Annemarie.
_926479
245 1 4 _aThe Cassinga event :
_ban investigation of the records /
_cby Annemarie Heywood ; foreword by Justin Ellis.
250 _a2nd edition
260 _aWindhoek :
_bNational Archives of Namibia,
_cc1994.
300 _a132 p.;
_bill. (some col.), maps ;
_c22 cm.
490 1 _aArcheia ;
_v18
504 _aIncludes bibliographical references.
650 0 _aPolitical Refugees
_zAngola
_xCassinga
_926480
650 0 _aPolitical Refugees
_zNamibia
_926481
650 0 _aCassinga (Angola)
_vMassacre,
_y1978
_926482
830 0 _aArcheia ;
_vNr. 18.
_926483
942 _2lcc
_cMONOGRAPH
999 _c125422
_d125422